Az egyházi iskolák államosításáról szóló törvény parlamenti vitája, 1948. évi június hó 16.

Elmentve itt :
Bibliográfiai részletek
Dokumentumtípus: Könyv része
Megjelent: 2020
Sorozat:Fejezetek a magyarországi társadalom- és szociálpolitika történetéből II. : szövegek a kiegyezéstől a rendszerváltásig (1867–1989) 2
Kulcsszavak:Iskolák államosítása - Magyarország - 1948, Államosítás - Magyarország - 1948
Tárgyszavak:
Online Access:http://acta.bibl.u-szeged.hu/73534
LEADER 00964naa a2200193 i 4500
001 acta73534
005 20211103115240.0
008 211103s2020 hu o 0|| hun d
020 |a 978-615-6060-30-3 
040 |a SZTE Egyetemi Kiadványok Repozitórium  |b hun 
041 |a hun 
245 0 3 |a Az egyházi iskolák államosításáról szóló törvény parlamenti vitája, 1948. évi június hó 16.  |h [elektronikus dokumentum] 
260 |c 2020 
300 |a 496-502 
490 0 |a Fejezetek a magyarországi társadalom- és szociálpolitika történetéből II. : szövegek a kiegyezéstől a rendszerváltásig (1867–1989)  |v 2 
650 4 |a Bölcsészettudományok 
650 4 |a Történettudomány és régészet 
695 |a Iskolák államosítása - Magyarország - 1948, Államosítás - Magyarország - 1948 
856 4 0 |u http://acta.bibl.u-szeged.hu/73534/1/2020_fejezetek_a_magyarorszagi_tarsadalom_es_szocialpolitika_tortenetebol_002_496-502.pdf  |z Dokumentum-elérés